Classement Premier League 2023-2024 - Statistiques

Statistiques générales
  • Ce quiz a été pris 110 fois
  • Le résultat moyen est 15 sur 20
Statistiques - réponses
Classement Points Club Joueur le plus connu % Correct
2 89 Arsenal Bukayo Saka
99%
3 82 Liverpool Virgil Van-Dijk
99%
1 91 Manchester City Erling Haaland
99%
6 63 Chelsea Cole Palmer
98%
8 60 Manchester United Bruno Fernandes
98%
5 66 Tottenham Eun Min Son
94%
4 68 Aston Villa Emiliano Martinez
91%
7 60 Newcastle Alexander Isak
90%
9 52 West Ham Lucas Paqueta
90%
10 49 Crystal Palace Eberechi Eze
78%
15 40 Everton Jarrad Branthwaite
73%
16 39 Brentford Bryan Mbeumo
67%
14 46 Wolverhampton Matheus Cunha
67%
11 48 Brighton Evan Ferguson
66%
17 32 Nottingham Forrest Morgan Gibbs-White
58%
19 24 Burnley James Trafford
52%
13 47 Fulham Joachim Andersen
52%
18 26 Luton Town Carlton Morris
45%
20 16 Sheffield United Anel Ahmedhodzic
44%
12 48 Bournemouth Evanilson
40%
Aucun quiz correspondant
Distribution des résultats
% des personnes avec chaque résultat
Percentile par nombre de réponses
Votre historique - résultats
Vous n’avez pas pris ce quiz